{"text_format":"3","workbook":"xlsx","n_sheets":3,"sheets":["Sheet1","Sheet2","Sheet3"],"read":"whole","date_system":"1900"}

{"sheet":"Sheet1","index":0,"n_rows":23,"n_cols":7,"rows_kept":23,"merged":[[0,0,0,6],[4,0,5,0],[4,1,5,1],[6,0,7,0],[6,1,7,1],[8,0,10,0],[8,1,10,1],[12,0,13,0],[12,1,13,1],[17,0,18,0],[17,1,18,1],[22,1,22,2]]}
["医院各科室购买办公家具情况汇总"]
["序号","使用科室","商品名称","数量","单位","预算单价","合计"]
[1,"门急诊部","保密文件柜",1,"台",1000,1000]
[2,"精神康复科一区","办公椅",20,"把",300,6000]
[3,"女性精神医学科","办公椅",20,"把",300,6000]
[null,null,"5人机场椅",5,"条",1100,5500]
[4,"儿童青少年科","办公桌",2,"张",1200,2400]
[null,null,"办公椅",10,"把",300,3000]
[5,"     药学部","麻精保险柜",1,"台",3000,3000]
[null,null,"办公椅",5,"把",300,1500]
[null,null,"升降背靠椅",1,"把",300,300]
[6,"中西医结合科","5人机场椅",4,"条",1100,4400]
[7,"老年一区","5人机场椅",10,"条",1100,11000]
[null,null,"办公椅",20,"把",300,6000]
[9,"临床心理二区","办公椅",5,"把",300,1500]
[10,"睡眠医学中心","办公椅",15,"把",300,4500]
[11,"财务部","办公椅",2,"把",300,600]
[12,"综合保障部","文件柜",1,"台",1000,1000]
[null,null,"办公椅",6,"把",300,1800]
[13,"收费室","碎纸机",1,"台",800,800]
[14,"党办","碎纸机",1,"台",800,800]
[15,"院办","碎纸机",1,"台",800,800]
["合计","办公椅104把、办公桌2张、文件柜3台、机场椅19条、碎纸机3台",null,{"$f":"SUM(D3:D22)","v":131},null,null,{"$f":"SUM(G3:G22)","v":61900}]

{"sheet":"Sheet2","index":1,"n_rows":0,"n_cols":0,"rows_kept":0}

{"sheet":"Sheet3","index":2,"n_rows":0,"n_cols":0,"rows_kept":0}